Normal view
MARC view
- METALLIC COMPOSITES -TESTING -CONGRESSES
Entry Topical Term
001 - CONTROL NUMBER
- control field: 66649
003 - CONTROL NUMBER IDENTIFIER
- control field: NUST
005 - DATE AND TIME OF LATEST TRANSACTION
- control field: 20210628203632.0
008 - FIXED-LENGTH DATA ELEMENTS
- fixed length control field: 210628|| aca||aabn | a|a d
040 ## - CATALOGING SOURCE
- Original cataloging agency: NUST
- Transcribing agency: NUST
150 ## - HEADING--TOPICAL TERM
- Topical term or geographic name entry element: METALLIC COMPOSITES -TESTING -CONGRESSES
670 ## - SOURCE DATA FOUND
- Source citation: Work cat.: (NUST): Digiovanni, Peter R 66648, Testing technology of metal matrix composites, 1988
